Thomas & Friends 2013 (Alphabetical) Quiz Stats

Quiz not verified by Sporcle

Also try: Famous Brits
Challenge
Share
Tweet
Embed
Score 0/60 Timer 10:00
0 Plays Today
Color Hint Character Name % Correct
blueThomas
89.7%
brownToby
88.2%
redJames
84.6%
blueGordon
82.5%
greenPercy
81.6%
greenHenry
79.8%
blueEdward
79.8%
greenDuck
75.2%
green/yellowBert
74.6%
green/yellowArry
71.3%
redDiesel
66.8%
greenOliver
65.3%
brownAnnie
65%
greenEmily
64.4%
redSkarloey
61.3%
yellowBill
60.7%
blueBen
60.4%
orangeRheneas
60.1%
gray/orangeBash
58.6%
pinkRosie
57.4%
red/yellowDen
56.8%
blue/orangeDart
55.6%
brownClarabel
55.6%
blackHiro
55.3%
greenPaxton
55.3%
greenDiesel 10
55%
gray/orangeDash
55%
redBertie
54.7%
silverSpencer
54.4%
purpleCharlie
54.1%
Color Hint Character Name % Correct
greenLuke
53.8%
blueBelle
52.9%
red/yellowVictor
52.3%
yellowStephen
51.4%
whiteHarold
50.8%
blueMillie
50.5%
greenWhiff
48.9%
redFlynn
48.9%
tealConnor
48.6%
tealFerdinand
48%
orangeRusty
48%
redSalty
47.7%
yellowKevin
46.8%
redCaitlin
46.5%
redWinston
45.9%
greenGator
44.4%
redJack
44.4%
greenCranky
44.4%
greenPorter
42.6%
brownMarion
42.3%
purple/pinkLady
41.1%
blueTimothy
40.5%
brownStafford
39.6%
redRocky
39%
greenScruff
37.2%
yellow/blueButch
34.1%
whiteFreddie
32.9%
grayTroublesome Trucks
29.9%
Brown/yellowPatrick
29%
grayScrap Monster
26.6%

You're not logged in!

Compare scores with friends on all Sporcle quizzes.
Join for Free
OR
Log In

You Might Also Like...

Show Comments

Extras

Top Quizzes Today


Score Distribution

Your Account Isn't Verified!

In order to create a playlist on Sporcle, you need to verify the email address you used during registration. Go to your Sporcle Settings to finish the process.

Report this User

Report this user for behavior that violates our Community Guidelines.

Details: